LDR 00580naa#a2200169#i#450# 001 EN\\bibl\118707 005 20260517015319.7 011 ## _a1994-4683 100 ## _a20230428b2023####ek#y0engy0150####ca 102 ## _aRU 200 1# _aCLIMBER'S ENDURANCE LEVEL CRITERIA FOR THE LEADERS CLUSTER _eJournal article 210 1# _aMoscow _cNational State University of Physical Education, Sports and Health named after P.F. Lesgaft _d2023 215 ## _a3 с. 608 ## _aJournal article _2local 675 ## _aСкалолазание. 796.526 _z 700 #1 _aKotchenko _gYU V 856 4# _auchzapiski.lesgaft.spb.ru _u